LEADER 01122nam a2200265 i 4500 001 000000245187 003 CaOOAMICUS 005 20150928000000.0 008 150928s1956 it u000 u ita u 013 $a224092 040 $aSeMil$bita 245 10$aTeatro del Seicento /$ca cura di Luigi Fassò. 260 $aMilano ; Napoli :$bRicciardi,$c1956. 300 $aLIII, 1259 p. ;$c23 cm. 490 0 $aLa letteratura italiana : storia e testi ;$vVolume39 500 $aContiene : Bibliografia. - Fondo card. Giovanni Colombo. 650 4$aLetteratura drammatica italiana - Sec. 17.$0(OLS)http://semarc/subject/26344 700 1 $aFassò, Luigi,$d<1882-1963>.$0(OLS)http://semarc/name/54851 830 3$aLa letteratura italiana : storia e testi ;$vVolume39.$0(OLS)http://semarc/title/220 850 $aSeMil 852 $aSeMil$W1$xVenegono$y1$m3GC VIII 191$j195533$B195533$CSeMilBibl$Z2$F206209 $8B 941 1 $a3 961 $aLascito: Colombo Card. Giovanni 996 $6245$aTeatro del Seicento$9(OLS)http://semarc/title/196249 996 $6260$aMilano ; Napoli :$bRicciardi$9(OLS)http://semarc/publisher/29956 LEADER 00703naa a2200157 i 4500 001 000000297128 003 CaOOAMICUS 005 20180831172559.0 008 180831n xx u000 u und u 013 $a4641 040 $aSeMil$bita 100 1 $aPerrella, Salvatore Maria,$c.$0(OLS)http://semarc/name/23811 245 10$aMariologia in dialogo con la scienza liturgica. 650 4$aMariologia - Studi.$0(OLS)http://semarc/subject/1438 773 0 $tLiturgia.$dRoma : CLV Edizioni Liturgiche, copyr. 1997.$kBibliotheca Ephemerides Liturgicae. Subsidia$kStudi di liturgia. Nuova serie$z88-86655-21-5$w()57241 996 $6245$aMariologia in dialogo con la scienza liturgica$9(OLS)http://semarc/title/373167